Представление документа в формате RUSMARC

ПолеНазваниеЗначение
  Тип записи c
  Библиографический уровень m
001 Контрольный номер RU/УОНБ/EK_N/695990971
005 Дата корректировки 20250520121934.2
100 Данные общей обработки __
a Данные общей обработки 20220120d2020 u y0rusy0189||||ca
101 Язык документа 0_
a Язык текста rus
a Язык текста eng
f Язык титульного листа rus
f Язык титульного листа eng
102 Страна публикации __
a Страна публикации RU
105 Кодированные данные (монография) __
a Кодированные данные (монография) y###||||000|y
200 Заглавие и сведения об ответственности 1_
a Заглавие Концертный репертуар вокалиста
b Общее обозначение материала Ноты
f Первые сведения об ответственности сост. Л. Абрамова
210 Выходные данные 1_
a Место издания Москва
c Издательство Музыка
d Дата издания [2020] -
215 Физическое описание __
d Формат 29 см
512 Заглавие обложки 1_
a Заглавие обложки Концертный репертуар вокалиста
686 Индексы других классификаций __
a Классификационный индекс 85
2 Код системы rubbk
702 Вторичная интеллектуальная ответственность _1
a Фамилия Абрамова
b Имя (инициалы) Л.
4 Код отношения 220
801 Источник записи _0
a Страна RU
b Организация Ульяновская ОНБ
c Дата составления 20220120
g Правила каталогизации RCR
801 Источник записи _1
a Страна RU
b Организация Ульяновская ОНБ
c Дата составления 20220120
g Правила каталогизации RCR
901 Тип документа __
t Тип документа v
909 Создатель записи __
a Создатель записи Лобина Л. И.
938 Служебная информация __
a Имя БД noti
b Имя библиотеки УОНБ
c Имя АИБС МАРК-SQL
d Номер DOC_ID в БД 25262